01436cam a2200397 i 450000100090000000300060000900500170001500700030003200800410003501000170007602000300009302000270012302500270015003500240017703500210020103700530022204000530027504200210032804300120034905000260036108200250038710000340041224501220044626400270056830000280059533600260062333700280064933800270067750000490070450400570075365000500081065000630086065000440092365100410096771000300100818459930GBCCL20241126110716.0ta140418s2014 ii b 000 0 eng d a 2014360773 a9788184653885 (paperback) a8184653883 (paperback) aI-E-2014-360773; 13-91 a(OCoLC)ocn879958554 a(OCoLC)879958554 bLibrary of Congress -- New Delhi Overseas Office aDKAGEbengerdacDKAGEdOCLCOdUKMGBdOCLCFdDLC alccopycatalcode aa-ii---00aBR1644.5.I4bZ85 201404a270.8209541223bZEL1 aZeliang, Elungkiebe,eauthor.10aCharismatic movements in the Baptist churches in North East India :ba Zeliangrong perspective /cElungkiebe Zeliang. 1aDelhi :bISPCK,c2014. axli, 417 pages ;c24 cm atextbtxt2rdacontent aunmediatedbn2rdamedia avolumebnc2rdacarrier aOriginally presented as the author's thesis. aIncludes bibliographical references (pages 346-378). 0aPentecostalismzIndia, NortheasternxHistory. 0aZeliangrong (Indic people)zIndia, NortheasternxReligion. 0aBaptistszIndia, NortheasternxHistory. 0aIndia, NortheasternxChurch history.2 aI.S.P.C.K. (Organization)